000 00328nam a22001337a 4500
008 250326b |||||||| |||| 00| 0 eng d
020 _a0710090870
050 _aPN 1042
_b.B68
100 _aBoulton Marjorie
245 _aThe Anatomy of Poetry
260 _aBoston
_bRoutledge & Kegan Paul
_c1979
300 _a253p.
942 _cBK
999 _c2723
_d2723